|
|
|
|
| LEADER |
00000nam0a2200000 4500 |
| 001 |
116475 |
| 005 |
20231031123231.0 |
| 035 |
|
|
|a (RuTPU)RU\TPU\book\126052
|
| 090 |
|
|
|a 116475
|
| 100 |
|
|
|a 20070522d1975 m y0rusy50 ca
|
| 101 |
0 |
|
|a rus
|
| 102 |
|
|
|a UA
|
| 105 |
|
|
|a y z 000zy
|
| 200 |
1 |
|
|a Инструкция по технике безопасности при работе пневматическим инструментом
|
| 210 |
|
|
|a Киев
|c Технiка
|d 1975
|
| 215 |
|
|
|a 16 с.
|
| 225 |
1 |
|
|a Техника безопасности
|
| 300 |
|
|
|a рекомендуется отделом охраны труда Украинского республиканского Совета профсоюзов для предприятий машиностроения
|
| 610 |
1 |
|
|a пневматический инструмент
|
| 610 |
1 |
|
|a техника безопасности
|
| 610 |
1 |
|
|a инструкции
|
| 610 |
1 |
|
|a правила безопасности
|
| 675 |
|
|
|a 621.54
|v 3
|
| 801 |
|
1 |
|a RU
|b 63413507
|c 20070522
|g PSBO
|
| 801 |
|
2 |
|a RU
|b 63413507
|c 20080109
|g PSBO
|
| 942 |
|
|
|c BK
|